Auto CAD for windows express / (Record no. 1519)

000 -LEADER
fixed length control field 00390nam a22001457a 4500
008 - FIXED-LENGTH DATA ELEMENTS--GENERAL INFORMATION
fixed length control field 200124b ||||| |||| 00| 0 eng d
020 ## - INTERNATIONAL STANDARD BOOK NUMBER
International Standard Book Number 8173190593
082 00 - DEWEY DECIMAL CLASSIFICATION NUMBER
Classification number 005.3684
Item number M1232
100 ## - MAIN ENTRY--PERSONAL NAME
9 (RLIN) 1153
Personal name McCarthy, Tim
245 10 - TITLE STATEMENT
Title Auto CAD for windows express /
260 ## - PUBLICATION, DISTRIBUTION, ETC. (IMPRINT)
Place of publication, distribution, etc New Delhi:
Name of publisher, distributor, etc BPB Publication,
Date of publication, distribution, etc 1995.
300 ## - PHYSICAL DESCRIPTION
Extent xiii, 314 p.
650 #0 - SUBJECT ADDED ENTRY--TOPICAL TERM
Topical term or geographic name as entry element Auto CAD
942 ## - ADDED ENTRY ELEMENTS (KOHA)
Item type Books
Holdings
Withdrawn status Lost status Source of classification or shelving scheme Damaged status Not for loan Permanent location Current location Date acquired Source of acquisition Full call number Barcode Date last seen Cost, replacement price Koha item type
          IMU Kolkata IMU Kolkata 1998-02-12 Aryan Publishing Co. 005.3684 M1232 08863 2020-01-24 145.00 Books
          IMU Kolkata IMU Kolkata 1998-02-12 Aryan Publishing Co. 005.3684 M1232 08864 2020-01-24 145.00 Books
Designed and Maintained by IMU-KC Library, Kolkata Campus © Copyright All Rights Reserved

webs counters

Powered by Koha